000 00386nam a2200133Ia 4500
005 20260328101444.0
008 260328s9999||||xx |||||||||||||| ||und||
100 _aTéllez Vera, Mauricio
245 0 _aArquitectura Desde la Facultad :
_b Compendio de ensayos /
_cMauricio Téllez Vera
260 _bUniversidad la Gran Colombia
300 _a97 p.
650 _aARQUITECTURA
942 _cBK
999 _c8410
_d8410